000 01549nam a22002297a 4500
999 _c62385
_d62385
003 Ge_BSU
005 20241018170756.0
008 241018s1998 ge ||||| |||| 00| 0 geo d
041 _ageo
080 _a616.31 ზ-46
100 _aვადაჭკორია, ზურაბ
_923450
245 _aზოგადი პროფილის ექიმი-სტომატოლოგი :
_bსაგამოცდო ტესტები /
_cსაქართველოს ჯანმრთელობის დაცვის სამინისტრო; ტექსტ-კითხვარის შემდგენლები: ვადაჭკორია ზურაბ, ივერიელი მანანა, ორჯონიკიძე ზურაბ [და სხვა].
264 _aთბილისი :
_b ზაურ მარგოშვილი,
_c1998.
300 _a198 გვ. ;
_b 28 სმ.
653 _aსტომატოლოგია
653 _aმედიცინა
700 _aზურაბ, ვადაჭკორია
_eშემდგენელი
_923451
700 _aმანანა, ივერიელი
_eშემდგენელი
_923452
700 _aორჯონიკიძე ზურაბ [და სხვა].
_eშემდგენელი
_923453
710 _aსაქართველოს ჯანმრთელობის დაცვის სამინისტრო.
_923454
942 _2udc
_cᲬᲘᲒᲜᲘ